[Event "XIV Closed IM BCC 2021"]
[Site "Barcelona"]
[Date "2021.05.11"]
[Round "8.1"]
[White "Msellek, Ilyass"]
[Black "Asis Gargatagli, Hipolito"]
[Result "1/2-1/2"]
[WhiteElo "2342"]
[BlackElo "2454"]
[Annotator "TA"]
[PlyCount "69"]
[EventDate "2021.05.03"]
[EventType "tourn"]
[EventCountry "ESP"]
[SourceTitle "playchess.com"]
[Source "ChessBase"]
[SourceQuality "1"]

{[%evp 27,69,12,19,11,9,4,14,3,10,9,7,0,0,0,0,0,17,6,9,-11,-7,-10,-17,-32,-16,-27,0,0,0,-2,-7,-24,-24,-24,-24,-25,-5,-13,0,0,0,0,0,0]} 1. e4 e5 2. Nf3 Nc6 3. Nc3 Nf6 4. d4 exd4 5. Nxd4 Bb4 6. Nxc6 bxc6 7. Bd3 O-O 8. O-O d5 9. exd5 cxd5 10. Bg5 c6 11. Qf3 h6 12. Bxf6 Qxf6 13. Qxf6 gxf6 14. Ne2 Rb8 15. Nd4 {C47: Scotch Four Knights and Four Knights with 4 g3.} Bc5 16. Nxc6 Rxb2 17. Rfb1 Rb6 18. Rxb6 axb6 {[#]} 19. Na7 $146 (19. Rb1 {feels hotter.} Be6 20. Nb4 Rc8 21. Na6 Bd4 22. a4) ({Predecessor:} 19. a4 Re8 20. Kf1 Bd7 21. Na7 Re7 22. Nb5 Bb4 23. Rb1 Ba5 24. f3 Kf8 25. Nd4 Bxa4 {½-½ (33) Ristoja,S (2225)-Karttunen,M (2472) Finland 2018}) 19... Bd7 20. Nb5 Rc8 21. a4 Kg7 22. Kf1 f5 23. Re1 f4 24. c3 Kf6 25. Re2 h5 26. h4 Rg8 (26... Bg4 {seems wilder.} 27. Re1 f3 28. g3 Bd7 29. Kg1 Ra8) 27. Nc7 Be6 28. Nxe6 fxe6 $11 {[%mdl 4096] Endgame KRB-KRB} 29. f3 Ra8 30. Bb5 Rd8 31. Bd3 e5 32. c4 {The position is equal.} dxc4 33. Bxc4 Rd4 34. Bb5 Bb4 {[#] Strongly threatening ...Rd1+.} 35. Rc2 {An uneventful encounter.  Weighted Error Value: White=0.05/Black=0.05} 1/2-1/2

[Event "XIV Closed IM BCC 2021"]
[Site "Barcelona"]
[Date "2021.05.11"]
[Round "8.2"]
[White "Boyer, Mahel"]
[Black "Benedetti, Julio"]
[Result "1-0"]
[WhiteElo "2333"]
[BlackElo "2282"]
[Annotator "TA"]
[PlyCount "79"]
[EventDate "2021.05.03"]
[EventType "tourn"]
[EventCountry "ESP"]
[SourceTitle "playchess.com"]
[Source "ChessBase"]
[SourceQuality "1"]

{[%evp 10,78,18,26,27,32,29,29,31,24,60,62,63,63,105,75,101,95,122,123,135,111,153,146,159,127,145,105,146,89,145,94,113,63,70,75,93,26,118,96,157,152,141,141,153,133,131,72,146,148,193,178,213,35,358,288,502,498,461,344,314,297,1137,1133,1089,1076,29992,29993,29993,29994,29999]} 1. e4 c5 2. Nf3 Nc6 3. Bb5 e6 4. O-O Nge7 5. d4 cxd4 6. Nxd4 Nxd4 {Recently 6...Ng6 got a lot of attention. B30: Sicilian: 2...Nc6 3 Bb5, lines without ...g6.} 7. Qxd4 a6 8. Be2 Nc6 {White has an edge.} 9. Qc3 Qf6 10. Qxf6 gxf6 11. Be3 {[#]} Rg8 $146 ({Predecessor:} 11... b6 12. c3 Bc5 13. Bh6 Bf8 14. Bf4 Bb7 15. Nd2 Ne5 16. Rfd1 Rg8 17. f3 d5 18. exd5 Bxd5 {0-1 (79) Benjamin,J (2524)-Christiansen,L (2574) Saint Louis 2019}) 12. Nd2 b5 13. a4 Rb8 14. axb5 axb5 15. Nb3 d6 16. Rfd1 Bd7 17. f3 Be7 18. Kf2 h5 19. g3 (19. Nd4 $142) 19... e5 ({Better is} 19... h4) 20. f4 (20. Na5 $142) 20... f5 21. Bf3 Rc8 22. c3 h4 23. Ra6 (23. exf5 $16 b4 24. f6 Bxf6 25. Rxd6) 23... exf4 (23... hxg3+ $11 {remains equal.} 24. hxg3 fxe4 25. Bxe4 b4) 24. gxf4 $16 b4 (24... fxe4 $142 25. Bxe4 b4) 25. exf5 {f6 is the strong threat.} bxc3 26. bxc3 {aiming for f6!} h3 27. Be4 Nd8 28. Bd4 (28. Nd4 $142) 28... Bh4+ {[#]} ({Black should play} 28... Nc6) 29. Kf3 $1 d5 {[#]} 30. Bd3 Nc6 31. Bc5 $2 (31. Nc5 $18) 31... f6 $2 {[%mdl 8192] A mistake that costs the game.} (31... Rg2 $1 $14) 32. c4 {[%cal Bc3c4,Bc4d5,Bd5e6][%mdl 32]} Ne7 $2 (32... d4 33. Rd2 Rg7 34. Re2+ Kf7) 33. cxd5 $18 Nxf5 {[#]} 34. Re6+ $1 {[%mdl 512]} Bxe6 35. dxe6 {White threatens Bb5+ and mate.} Ne7 $2 (35... Rxc5 36. Nxc5 Nd6) 36. Bb5+ Kf8 37. Bxe7+ Kxe7 38. Rd7+ {White mates.} Ke8 39. Rb7+ Kf8 40. Rf7# {Weighted Error Value: White=0.34/Black=0.62} 1-0

[Event "XIV Closed IM BCC 2021"]
[Site "Barcelona"]
[Date "2021.05.11"]
[Round "8.3"]
[White "Martin Barcelo, Carles"]
[Black "Ryan, Joseph"]
[Result "1/2-1/2"]
[WhiteElo "2201"]
[BlackElo "2271"]
[Annotator "TA"]
[PlyCount "76"]
[EventDate "2021.05.03"]
[EventType "tourn"]
[EventCountry "ESP"]
[SourceTitle "playchess.com"]
[Source "ChessBase"]
[SourceQuality "1"]

{[%evp 21,76,37,61,50,39,28,24,22,20,-2,12,7,22,0,25,21,25,22,39,39,36,35,34,34,35,12,26,14,52,45,68,66,64,25,67,54,67,46,67,68,80,68,88,77,74,70,69,55,60,0,70,56,62,0,62,47,77]} 1. e4 e6 2. d4 d5 3. Nd2 Nf6 4. e5 Nfd7 5. Bd3 c5 6. c3 Nc6 7. Ne2 cxd4 8. cxd4 Nb6 9. O-O Bd7 10. f4 g6 11. Nf3 h5 12. b3 {C05: French Tarrasch: 3...Nf6 4 e5 Nfd7, 5 f4 and 5 Bd3 sidelines.} a5 13. a4 Nb4 14. Bb1 {White has an edge.} Nc8 {[#]} 15. Ba3 $146 ({Predecessor:} 15. Be3 Na7 16. Kh1 Be7 17. Ng5 Qc7 18. Rf3 Nac6 19. Bf2 Bxg5 20. fxg5 Ne7 21. Qf1 {1-0 (38) Kotronias,V (2628)-Vogel,J (2251) Cappelle la Grande 2008}) 15... Na7 16. Ng5 Be7 17. Qd2 Nac6 18. Kh1 Qb6 19. Bb2 Rg8 20. Ng1 Rg7 21. N1f3 O-O-O 22. Ba3 Kb8 23. Bc2 Rc8 24. Bd1 Nd8 25. Be2 Ndc6 26. Bb2 Qd8 27. Rac1 Qe8 28. Rfd1 Bd8 29. Rb1 Bb6 30. Rdc1 Qe7 31. Ra1 Rh8 32. g3 Rgg8 33. Kg2 Rc8 34. Bd1 Qe8 35. Be2 (35. h4 $14) 35... Ka7 (35... Qe7 $11) 36. Kh1 Bd8 37. Kg2 ({Better is} 37. Bc3 $14) 37... Be7 ({Black should try} 37... Bb6 $11) 38. Kg1 Bd8 {Weighted Error Value: White=0.14/Black=0.17} 1/2-1/2

[Event "XIV Closed IM BCC 2021"]
[Site "Barcelona"]
[Date "2021.05.11"]
[Round "8.4"]
[White "Dalaud, Dorian"]
[Black "Munoz, Miguel"]
[Result "1/2-1/2"]
[WhiteElo "2306"]
[BlackElo "2462"]
[Annotator "TA"]
[PlyCount "85"]
[EventDate "2021.05.03"]
[EventType "tourn"]
[EventCountry "ESP"]
[SourceTitle "playchess.com"]
[Source "ChessBase"]
[SourceQuality "1"]

{[%evp 11,85,18,31,26,19,29,62,64,54,45,61,70,62,38,105,103,132,151,144,162,151,158,148,147,133,131,186,170,194,200,225,133,140,133,202,194,197,141,143,133,130,132,133,116,181,130,126,128,127,38,40,38,41,40,36,38,33,33,33,35,37,37,37,37,37,37,37,28,27,9,20,8,12,0,4,12]} 1. e4 d5 2. exd5 Qxd5 3. Nc3 Qa5 4. d4 Nf6 5. Bc4 Bg4 6. Nge2 Nc6 7. Bd2 {B01: Scandinavian Defence.} O-O-O 8. f3 (8. Bxf7 Nxd4 9. Qc1 e5 $17) 8... Be6 {[#]} 9. Ne4 $1 {White is slightly better.} Qb6 $1 10. Bxe6+ fxe6 11. Ng5 $1 {[%cal Rg5f7] Threatens to win with Nf7.} Rg8 {[#]} 12. Nf7 $146 {[%mdl 2048] White has some pressure.} (12. Nxe6 Rd6 $11) ({Predecessor:} 12. c4 Nxd4 13. Nxd4 Rxd4 14. Qb3 Qa6 15. Qb5 Rxc4 16. Qxa6 bxa6 17. O-O g6 18. Nxe6 {1-0 (43) Mitkov,N (2532)-Barria Zuniga,D (2326) Barbera del Valles 2000}) 12... Rd5 (12... Re8 $14) 13. c4 $16 Rd7 14. Qa4 Nxd4 15. Nxd4 Rxd4 {[#]} 16. O-O-O {Black must now prevent Ba5.} Qa6 17. Qxa6 bxa6 18. b3 g6 (18... g5 $16) 19. Rhe1 {[%mdl 1024] White has strong compensation.} Kd7 20. Bf4 Rd6 21. Ne5+ (21. Nxd6 $18 exd6 22. Be3) 21... Ke8 22. Nd3 Kf7 (22... Rc6 $16 23. Be3 Nd7 24. Bxa7 Bg7) 23. Nc5 $18 Rb6 24. a4 ({Not} 24. Bxc7 Rc6 $17) ({Better is} 24. Nd7 $18) 24... Bg7 $16 25. Kc2 ({Inferior is} 25. Bxc7 Rc6 $17) 25... Rc8 26. a5 Rc6 27. Nd3 {And now Ne5+ would win.} Nd5 (27... Nd7 $16 {keeps fighting.}) 28. Be5 (28. Bd2 $18) 28... Rb8 29. Bxg7 Kxg7 30. Ne5 (30. Re4 $16) 30... Nb4+ $14 31. Kc3 Rd6 32. Nd7 Na2+ 33. Kb2 Rd8 {...Nb4 is the strong threat.} 34. Rxd6 cxd6 35. Kxa2 {aiming for Nc5.} ({Avoid the trap} 35. Rxe6 $2 {[#]} Kf7 $1 $19) 35... Rxd7 36. Rxe6 {[%mdl 4096] Endgame KR-KR} Kf7 37. Re2 Rc7 38. Ka3 e5 39. Rd2 Ke6 40. Rd5 g5 {The position is equal.} 41. Kb4 Rg7 42. h3 h5 43. Rd1 {White really could win this.  Weighted Error Value: White=0.12/Black=0.11} 1/2-1/2

[Event "XIV Closed IM BCC 2021"]
[Site "Barcelona"]
[Date "2021.05.11"]
[Round "8.5"]
[White "Kuhn, Clement"]
[Black "Perez Perez, Gabriel"]
[Result "1-0"]
[WhiteElo "2252"]
[BlackElo "2079"]
[Annotator "TA"]
[PlyCount "123"]
[EventDate "2021.05.03"]
[EventType "tourn"]
[EventCountry "ESP"]
[SourceTitle "playchess.com"]
[Source "ChessBase"]
[SourceQuality "1"]

{[%evp 14,123,33,2,5,0,3,0,17,0,0,0,0,0,0,0,3,-2,0,0,0,-5,-5,-6,-2,-54,-45,-56,-47,-75,-73,-70,-41,-45,0,-15,-12,-20,-15,-22,-16,-19,0,0,0,0,0,0,0,0,0,0,14,0,0,0,0,0,0,0,0,0,0,0,7,7,8,0,8,8,27,8,8,8,8,8,8,8,8,8,15,15,15,0,0,0,0,0,0,0,0,0,8,8,15,15,15,15,29984,29985,29985,29986,29987,29988,29988,29989,29990,29991,29995,29996,29996,29997]} 1. d4 d5 2. Nf3 e6 3. e3 Bd6 4. Bd3 c5 5. b3 Nc6 6. Bb2 Nf6 7. O-O O-O 8. Nbd2 b6 {D05: Colle System with ...e6.} 9. c4 {9.a3 is a critical line.} Bb7 10. a3 Rc8 {The position is equal.} 11. cxd5 exd5 {[#]} 12. dxc5 $146 ({Predecessor:} 12. Bf5 Rc7 13. dxc5 bxc5 14. Qc2 h6 15. Rfe1 Re8 16. Rad1 Ne5 17. Bc3 Nc6 18. Qb2 {½-½ (54) Donati,R (2149)-Pedersen,L (2049) Hammelburg 2009}) 12... bxc5 13. e4 {Strongly threatening e5.} d4 14. Nc4 {aiming for e5.} Ng4 15. h3 Nge5 16. Nfxe5 Nxe5 17. Nxe5 Bxe5 18. f4 Bb8 19. Kh2 (19. e5 $11) 19... Qb6 20. Qc2 Ba6 21. Bc4 Bxc4 22. Qxc4 Rfe8 (22... g5 {keeps more tension.} 23. Bc1 Rfe8 24. Qd5 Qg6 25. e5 Qc6) 23. e5 Qe6 24. Qxe6 fxe6 25. Rac1 a5 26. b4 Ba7 27. bxc5 ({Of course not} 27. bxa5 c4 $17) 27... Bxc5 28. Rf3 Ba7 29. Rd1 Rc4 30. Rfd3 {[%cal Rb2d4]} Rd8 31. Kg3 Kf7 32. Kf3 Rc2 33. Bxd4 (33. Bc3 {is more complex.} a4 34. Bb4 Rd5 35. R3d2 Rxd2 36. Bxd2 Bc5 37. Rc1) 33... Bxd4 34. Rxd4 $11 {[%mdl 4096] Endgame KRR-KRR} Rc3+ 35. Kg4 Rxd4 36. Rxd4 Rxa3 {KR-KR} 37. Rd7+ Kf8 38. Ra7 Ra2 (38... a4 {feels hotter.} 39. Ra8+ Ke7 40. Ra5 Ra2 41. Ra7+ Kf8) 39. g3 Ra3 40. Kh4 h6 41. Kg4 Ra4 42. h4 Ra3 43. f5 Ra4+ 44. Kh5 {Black must now prevent f6.} exf5 45. Kg6 {[%mdl 64] Double Attack} Rg4+ 46. Kxf5 Rxg3 47. h5 Rb3 48. Ke6 {White threatens Ra8+ and mate.} Rb6+ 49. Kd7 Kf7 50. Rxa5 Re6 51. Rc5 Re7+ 52. Kd6 Re6+ 53. Kd5 {Threatening mate with Rc7+.} Ra6 54. Rc7+ Kf8 55. Rc6 Rxc6 {[%mdl 8192] Black cannot hold the game after this.} (55... Ra8 $11) 56. Kxc6 {KPP-KPP. White mates.} Ke7 57. Kd5 Kd7 {[#]} 58. e6+ $1 Ke7 59. Ke5 Ke8 60. Kd6 Kd8 {[#]} 61. e7+ $1 Ke8 62. Ke6 {Weighted Error Value: White=0.06/Black=0.19} 1-0

[Event "XIV Closed IM BCC 2021"]
[Site "Barcelona"]
[Date "2021.05.12"]
[Round "9.1"]
[White "Perez Perez, Gabriel"]
[Black "Msellek, Ilyass"]
[Result "1/2-1/2"]
[WhiteElo "2079"]
[BlackElo "2342"]
[Annotator "RC"]
[PlyCount "111"]
[EventDate "2021.05.03"]
[EventType "tourn"]
[EventCountry "ESP"]
[SourceTitle "playchess.com"]
[Source "ChessBase"]
[SourceQuality "1"]
[TimeControl "5400+30"]

1. d4 {[%emt 0:00:00]} d6 {[%emt 0:00:05]} 2. e4 {[%emt 0:00:45]} Nf6 {[%emt 0:00:30]} 3. Nc3 {[%emt 0:00:09]} Nbd7 {[%emt 0:00:50]} 4. Nf3 {[%emt 0:01:26]} e5 {[%emt 0:00:18]} 5. Bc4 {[%emt 0:00:14]} Be7 {[%emt 0:00:07]} 6. O-O {[%emt 0:00:19]} O-O {[%emt 0:00:08]} 7. Re1 {[%emt 0:06:53]} c6 {[%emt 0:00:21]} 8. a4 {[%emt 0:00:06]} b6 {[%emt 0:00:26]} 9. d5 {[%emt 0:01:34]} cxd5 {[%emt 0:02:56]} 10. Bxd5 {[%emt 0:10:52]} Nxd5 {[%emt 0:02:26]} 11. Nxd5 {[%emt 0:00:09]} Bb7 {[%emt 0:02:11]} 12. a5 {[%emt 0:09:22]} bxa5 {[%emt 0:10:17]} 13. Bd2 {[%emt 0:08:26]} Bxd5 {[%emt 0:10:11]} 14. Bxa5 {[%emt 0:05:19]} Qb8 {[%emt 0:05:48]} 15. Qxd5 {[%emt 0:00:13]} Rc8 {[%emt 0:09:42]} 16. Bc3 {[%emt 0:03:00]} Nc5 {[%emt 0:01:23]} 17. Nd2 {[%emt 0:10:58]} Ne6 {[%emt 0:02:29]} 18. g3 {[%emt 0:00:10]} Rc5 {[%emt 0:16:46]} 19. Qd3 {[%emt 0:02:16]} Qc8 {[%emt 0:01:20]} 20. Nf1 {[%emt 0:01:40]} Ng5 {[%emt 0:03:10]} 21. Nd2 {[%emt 0:01:04]} Nh3+ {[%emt 0:04:27]} 22. Kg2 {[%emt 0:01:34]} h5 {[%emt 0:00:25]} 23. Qf3 {[%emt 0:06:07]} g6 {[%emt 0:00:40]} 24. Kh1 {[%emt 0:00:24]} Ng5 {[%emt 0:06:09]} 25. Qe2 {[%emt 0:01:23]} Ne6 {[%emt 0:00:20]} 26. Nf3 {[%emt 0:06:46]} a5 {[%emt 0:02:01]} 27. Ra4 {[%emt 0:01:37]} Bd8 {[%emt 0:04:06]} 28. Qd3 {[%emt 0:02:47]} Qc6 {[%emt 0:00:35]} 29. Rea1 {[%emt 0:00:08]} Bb6 {[%emt 0:01:37]} 30. Kg1 {[%emt 0:03:58]} Qc7 {[%emt 0:02:45]} 31. R4a3 {[%emt 0:03:21]} Rc8 {[%emt 0:01:27]} 32. Rd1 {[%emt 0:01:21]} Rc6 {[%emt 0:00:31]} 33. h4 {[%emt 0:00:35]} Rf8 {[%emt 0:03:03]} 34. Qd5 {[%emt 0:00:23]} Rc5 {[%emt 0:00:32]} 35. Qd2 {[%emt 0:00:39]} Qc6 {[%emt 0:00:53]} 36. Qe2 {[%emt 0:02:05]} f5 {[%emt 0:00:28]} 37. Nd2 {[%emt 0:01:24]} f4 {[%emt 0:00:55]} 38. Kh1 {[%emt 0:00:31]} Qc8 {[%emt 0:00:58]} 39. Kg2 {[%emt 0:03:38]} Rc7 {[%emt 0:00:38]} 40. Rf1 {[%emt 0:00:52]} Rcf7 {[%emt 0:01:14]} 41. Kh1 {[%emt 0:03:25]} Ng5 {[%emt 0:01:20]} 42. f3 {[%emt 0:00:26]} fxg3 {[%emt 0:01:46]} 43. Qg2 Nxf3 {[%emt 0:01:43]} 44. Qxg3 {[%emt 0:00:45]} Nxd2 {[%emt 0:00:28]} 45. Rxf7 {[%emt 0:00:46]} Rxf7 {[%emt 0:00:21]} 46. Bxd2 {[%emt 0:00:27]} Rf1+ {[%emt 0:01:35]} 47. Kh2 {[%emt 0:00:02]} Rf2+ {[%emt 0:00:05]} 48. Kh1 {[%emt 0:00:15]} Qe6 {[%emt 0:00:56]} 49. Rb3 {[%emt 0:01:16]} Rf1+ {[%emt 0:00:08]} 50. Kh2 {[%emt 0:00:01]} Rf2+ {[%emt 0:00:01]} 51. Kh1 {[%emt 0:00:09]} Rxd2 {[%emt 0:01:12]} 52. Rxb6 {[%emt 0:00:01]} Qg4 {[%emt 0:00:24]} 53. Qb3+ {[%emt 0:02:37]} Kg7 {[%emt 0:00:06]} 54. Rb7+ {[%emt 0:00:01]} Kh6 {[%emt 0:00:09]} 55. Rh7+ {[%emt 0:00:09]} Kxh7 {[%emt 0:00:04]} 56. Qf7+ {[%emt 0:00:02]} 1/2-1/2

[Event "XIV Closed IM BCC 2021"]
[Site "Barcelona"]
[Date "2021.05.12"]
[Round "9.2"]
[White "Munoz, Miguel"]
[Black "Kuhn, Clement"]
[Result "1/2-1/2"]
[WhiteElo "2462"]
[BlackElo "2252"]
[Annotator "TA"]
[PlyCount "35"]
[EventDate "2021.05.03"]
[EventType "tourn"]
[EventCountry "ESP"]
[SourceTitle "playchess.com"]
[Source "ChessBase"]
[SourceQuality "1"]

{[%evp 22,35,55,35,30,40,43,10,18,17,28,17,44,24,46,31]} 1. e4 e6 2. d4 d5 3. Nd2 Nf6 4. e5 Nfd7 5. Bd3 c5 6. c3 Nc6 7. Ne2 cxd4 8. cxd4 f6 9. exf6 Nxf6 10. Nf3 Bd6 11. O-O Qc7 12. Bd2 O-O {C06: French Tarrasch: 3...Nf6 4 e5 Nfd7 5 Bd3 main lines.} 13. Rc1 Bd7 14. Qc2 Rac8 15. Qb1 Qb6 16. a3 {[#]} Na5 $146 ({Predecessor:} 16... e5 17. dxe5 Nxe5 18. Nxe5 Rxc1 19. Qxc1 Bxe5 20. Bc3 Qc7 21. Bxe5 Qxe5 22. Qc3 Qd6 {½-½ (41) Chugunov,V (1784)-Pesotskiy,M (2239) St Petersburg 2018}) 17. Bf4 Nc4 18. Bxd6 {Weighted Error Value: White=0.14/Black=0.08} 1/2-1/2

[Event "XIV Closed IM BCC 2021"]
[Site "Barcelona"]
[Date "2021.05.12"]
[Round "9.3"]
[White "Ryan, Joseph"]
[Black "Dalaud, Dorian"]
[Result "0-1"]
[WhiteElo "2271"]
[BlackElo "2306"]
[Annotator "TA"]
[PlyCount "112"]
[EventDate "2021.05.03"]
[EventType "tourn"]
[EventCountry "ESP"]
[SourceTitle "playchess.com"]
[Source "ChessBase"]
[SourceQuality "1"]

{[%evp 17,112,0,25,2,11,0,4,-2,-4,-16,18,-25,-9,-47,-15,-52,-50,-74,-59,-97,-75,-75,-73,-138,-78,-76,-73,-98,-87,-127,-124,-348,-142,-143,-150,-194,-197,-197,-185,-189,-191,-217,-144,-144,-144,-145,-146,-241,-215,-422,-404,-297,-467,-461,-455,-408,-385,-572,-277,-578,-312,-554,-227,-616,-605,-515,-389,-644,-561,-551,0,-540,0,-522,-528,-520,-503,-520,-512,-473,-351,-606,-417,-968,-1445,-29974,-4922,-29974,-29975,-6079,-5247,-29987,-29988,-29988,-29989,-29998,-29999]} 1. e4 c5 2. Nf3 e6 3. Nc3 Nc6 4. d4 cxd4 5. Nxd4 Nf6 6. a3 Be7 7. Be2 O-O 8. Be3 d6 9. Qd2 a6 10. O-O {B90: Sicilian Najdorf: Unusual White 6th moves, 6 Be3 Ng4 and 6 Be3 e5.} Nxd4 11. Qxd4 b5 12. f4 {[#] The position is equal.} Bb7 $146 ({Predecessor:} 12... Qc7 13. Qd1 Bb7 14. Bd3 Rfe8 15. Qe2 Rac8 16. h3 d5 17. e5 Ne4 18. Bxe4 dxe4 19. Rad1 Red8 20. Kh2 Bxa3 21. bxa3 Qxc3 {0-1 (52) Niubo Calvo,J (1830)-Cobo Carrillo,M (1940) Spain 2004}) 13. Bf3 Rc8 14. Rae1 (14. Qa7 $5 {[%cal Ra7b7]} Qc7 15. e5 $11) 14... Rc4 15. Qd3 (15. Qa7 $5 {[%cal Ra7b7]} Qa8 16. e5 Qxa7 17. Bxa7 $11) 15... Qa8 {[%cal Rf6e4]} 16. Bd2 Rd8 17. Qe2 d5 $36 {[%mdl 2048] Black has the initiative.} 18. e5 Ne4 19. Bxe4 dxe4 20. f5 (20. Ra1 $142) 20... Qb8 (20... exf5 $142 {Strongly threatening ...g6.} 21. Rxf5 Bc8) 21. fxe6 $17 fxe6 22. Bf4 Rf8 23. Qg4 Rf5 24. Nd1 $2 {[#]} (24. Qd1 $17) 24... Rxc2 (24... e3 $1 $19 {is more deadly.} 25. b4 Qf8 26. Nxe3 Rcxf4 27. Rxf4 Rxf4 28. Qxe6+ Qf7) 25. Ne3 Bc5 26. b4 Bb6 27. Kh1 Bxe3 {[%mdl 64] Overworked Piece} 28. Bxe3 Qxe5 29. Rd1 {Rd8+ would kill now.} Bd5 30. Rxf5 exf5 31. Qg5 {aiming for Qd8+.} Rc8 32. Bd4 {[#]} (32. g4 $17) 32... h6 $1 $19 {[%mdl 512] White must now prevent ...Qxd4.} 33. Bxe5 (33. Qd2 Qe6 34. Be3) (33. Qe3 f4) 33... hxg5 {[%mdl 4096] Endgame KRB-KRB} 34. h4 {[#]} e3 $1 35. hxg5 {[#]} e2 $1 36. Re1 Bc4 37. Kg1 (37. g6 {might work better.}) 37... Re8 (37... Kf7 $142 38. Kf2 Rd8) 38. Bf4 $2 (38. Bc3 {nothing else works.}) 38... Rd8 39. Kf2 $2 (39. g6) 39... Rd1 (39... Kf7 $142 40. Be3 Rd1) 40. g3 $2 (40. g6) 40... Kf7 41. Be5 Kg6 42. Ba1 $2 (42. Bf4) 42... Rd7 43. Rh1 Rd1 44. Re1 Rd7 45. Rh1 $1 Kxg5 46. Bc3 Kg6 47. Rh8 Rd3 48. Be1 Rxa3 49. Rb8 $2 (49. Re8) 49... Kh5 {And now ...Kg4 would win.} 50. Rb7 (50. Rh8+ $142 Kg6 51. Re8) 50... g5 51. Rh7+ Kg6 (51... Kg4 $142 52. Kg2 Rf3 53. Rd7 Rf1 54. Bc3 e1=Q 55. Bxe1 Rxe1 56. Rg7 Re2+ 57. Kg1 Rb2 58. Rg6 Rxb4 59. Kf2 a5 60. Ke3 Rb3+ 61. Kd4 a4 62. Rh6 a3 63. Rh7 a2 64. Kc5 a1=Q 65. Rd7 Qg1+ 66. Rd4+ Kxg3 67. Kb6 Qxd4+ 68. Kb7 Qd7+ 69. Ka6 Ra3+ 70. Kb6 Qa7+ 71. Kc6 Ra6#) 52. Rb7 g4 53. Rb6+ Kf7 {( -> ...Rf3+)} 54. Rh6 Rf3+ {Black mates.} 55. Kg2 Rf1 56. Rh1 Bd5+ {[%mdl 64] Skewer.  Weighted Error Value: White=1.00/Black=0.84} 0-1

[Event "XIV Closed IM BCC 2021"]
[Site "Barcelona"]
[Date "2021.05.12"]
[Round "9.4"]
[White "Benedetti, Julio"]
[Black "Martin Barcelo, Carles"]
[Result "1/2-1/2"]
[WhiteElo "2282"]
[BlackElo "2201"]
[Annotator "TA"]
[PlyCount "38"]
[EventDate "2021.05.03"]
[EventType "tourn"]
[EventCountry "ESP"]
[SourceTitle "playchess.com"]
[Source "ChessBase"]
[SourceQuality "1"]

{[%evp 9,38,28,25,24,20,-2,-7,-8,-17,-32,-21,-22,0,-6,42,-62,-56,-50,-40,-39,-34,-39,17,8,0,-47,-38,-27,-44,-20,-31]} 1. e4 e5 2. Nf3 Nc6 3. Bc4 Nf6 4. d3 Be7 5. c3 d5 6. exd5 {C55: Two Knights: 4 d3, 4 d4 exd4 5 e5 and Max Lange Attack.} Nxd5 7. Qe2 Bf6 8. O-O O-O 9. Nbd2 Nf4 10. Qe3 {[#]} Bf5 $146 {[%cal Rf5d3]} ({Predecessor:} 10... Nd5 11. Bxd5 Qxd5 12. Qe4 Be6 13. Qxd5 Bxd5 14. Ne4 Be7 {½-½ (14) Nunez Lucero,F (2178)-Ridameya Tatche,J (2060) Barbera del Valles 2010}) 11. Ne4 Na5 12. b3 (12. Nxf6+ $14 Qxf6 13. Nxe5 (13. Qxe5 Qxe5 14. Nxe5 Ne2+ 15. Kh1 Nxc4 $11)) 12... Nxc4 13. dxc4 Bxe4 14. Qxe4 Qd3 15. Re1 Qxc3 ({Black should try} 15... Rfd8 $15) 16. Bxf4 $11 exf4 17. Qxb7 Qa5 {[#] aiming for ...Rab8.} 18. Rab1 Rab8 19. b4 Qxa2 {Weighted Error Value: White=0.20/Black=0.13} 1/2-1/2